000
00319nam a22001337a 4500
008
170616b xxu||||| |||| 00| 0 eng d
020
_a
0312073518
041
_a
eng
080
_2
4TH
_a
327
100
_a
20
101
_a
SHP
245
_a
THE POLITICS OF INTERNATIONAL ECONOMIC RELATIONS
_c
SPERO,J.E
942
_2
udc
_c
BK
999
_c
17718
_d
17718